| 000 | 00000nam##2200000za#4500 |
| 001 | 9.699494 |
| 003 | CaOODSP |
| 005 | 20210625000415 |
| 007 | cr ||||||||||| |
| 008 | 150407|2002||||xxc|||||o f|0| 0 eng|d |
| 040 | |aCaOODSP|beng |
| 043 | |an-cn--- |
| 086 | 1 |aR74-10/2002E-PDF |
| 110 | 1 |aCanada.|bIndian and Northern Affairs. |bWater Resources Division. |
| 245 | 10|aOverview of the hydrology in the Deh Cho Region - NWT / |h[electronic resource]|c[by] Derek A. Faria. |
| 260 | |aYellowknife - Northwest Territories : |bIndian and Northern Affairs. |cAugust 2002. |
| 300 | |a40p.|bgraphs, maps, references, tables |
| 590 | |a15-02-Supp|b2015-02-16 |
| 690 | 07|aHydrology|2gcpds |
| 775 | 08|tAperçu hydrologique dans la région du Deh Cho - T.N.-O. / |w(CaOODSP)9.643535 |
| 856 | 40|ahttp://publications.gc.ca|qPDF|s1.16 MB|uhttps://publications.gc.ca/collections/collection_2014/aadnc-aandc/R74-10-2002-eng.pdf |